Virgil Van Dijk - Statistics

Estatísticas Gerais
  • Esse quiz foi jogado 54 vezes
  • A pontuação média é 4 de 5
Estatísticas das Respostas
Anos Clubes % Correto
2017- Liverpool
100%
(Seleção)2015- Holanda
98%
2015-2017 Southampton
70%
2013-2015 Celtic
66%
2011-2013 Groningen
38%
Nenhum quiz correspondente encontrado
Distribuição das Pontuações
Porcentagem de Pessoas com Cada Pontuação
Percentil de Números Respondidos
Sua Pontuação Histórica
Você não jogou esse quiz